Southville International School and Colleges
Your cart is empty.
  • Cart
  • Lists
    Public lists Eva Luna New books Lux_list list_1
    Your lists Log in to create your own lists
  • Log in to your account
  • Your cookies
  • Search history
Southville International School and Colleges
  • Advanced search
  • Recent comments
  • Most popular
  • Libraries

Log in to your account

Log in with GOOGLE


If you do not have an external account, but do have a local account, you can still log in:

  1. Home
  2. MARC view: Akiko on the planet Smoo /
Normal view MARC view ISBD view

Akiko on the planet Smoo / (Record no. 294944)

[ view plain ]
MARC details
000 -LEADER
fixed length control field 01490cam a2200349 a 4500
001 - CONTROL NUMBER
control field 4995852
003 - CONTROL NUMBER IDENTIFIER
control field SISC
005 - DATE AND TIME OF LATEST TRANSACTION
control field 20160601085530.0
008 - FIXED-LENGTH DATA ELEMENTS--GENERAL INFORMATION
fixed length control field 990519s2000 nyua c 000 1 eng
010 ## - LIBRARY OF CONGRESS CONTROL NUMBER
LC control number 99032522
020 ## - INTERNATIONAL STANDARD BOOK NUMBER
International Standard Book Number 9780440416487
040 ## - CATALOGING SOURCE
Original cataloging agency DLC
Transcribing agency DLC
Modifying agency DLC
042 ## - AUTHENTICATION CODE
Authentication code lcac
050 00 - LIBRARY OF CONGRESS CALL NUMBER
Classification number PZ 7 .C869275
Item number Ak 2000
082 00 - DEWEY DECIMAL CLASSIFICATION NUMBER
Classification number [Fic]
100 1# - MAIN ENTRY--PERSONAL NAME
Personal name Crilley, Mark.
245 10 - TITLE STATEMENT
Title Akiko on the planet Smoo /
Statement of responsibility, etc written and illustrated by Mark Crilley.
260 ## - PUBLICATION, DISTRIBUTION, ETC. (IMPRINT)
Place of publication, distribution, etc New York :
Name of publisher, distributor, etc Yearling Book
Date of publication, distribution, etc 2000.
300 ## - PHYSICAL DESCRIPTION
Extent 162 p. :
Other physical details ill. ;
Dimensions 22 cm.
500 ## - GENERAL NOTE
General note Sequel: Akiko in the Sprubly Islands.
520 ## - SUMMARY, ETC.
Summary, etc Ten-year-old Akiko has an unexpected adventure when she is whisked away to a distant planet and put in charge of the rescue mission that must search for the kidnapped Prince Froptoppit.
650 #1 - SUBJECT ADDED ENTRY--TOPICAL TERM
Topical term or geographic name as entry element Science fiction.
650 #1 - SUBJECT ADDED ENTRY--TOPICAL TERM
Topical term or geographic name as entry element Adventure and adventurers
Form subdivision Fiction.
650 #1 - SUBJECT ADDED ENTRY--TOPICAL TERM
Topical term or geographic name as entry element Japanese Americans
Form subdivision Fiction.
856 42 - ELECTRONIC LOCATION AND ACCESS
Materials specified Contributor biographical information
Uniform Resource Identifier <a href="http://www.loc.gov/catdir/bios/random059/99032522.html">http://www.loc.gov/catdir/bios/random059/99032522.html</a>
856 41 - ELECTRONIC LOCATION AND ACCESS
Materials specified Sample text
Uniform Resource Identifier <a href="http://www.loc.gov/catdir/samples/random043/99032522.html">http://www.loc.gov/catdir/samples/random043/99032522.html</a>
856 42 - ELECTRONIC LOCATION AND ACCESS
Materials specified Publisher description
Uniform Resource Identifier <a href="http://www.loc.gov/catdir/description/random048/99032522.html">http://www.loc.gov/catdir/description/random048/99032522.html</a>
906 ## - LOCAL DATA ELEMENT F, LDF (RLIN)
a 7
b cbc
c orignew
d 1
e ocip
f 19
g y-gencatlg
942 ## - ADDED ENTRY ELEMENTS (KOHA)
Source of classification or shelving scheme Library of Congress Classification
Koha item type Books
Holdings
Withdrawn status Lost status Source of classification or shelving scheme Damaged status Home library Current library Shelving location Date acquired Source of acquisition Total Checkouts Total Renewals Full call number Barcode Date last seen Date checked out Price effective from Koha item type
    Library of Congress Classification   Luxembourg Library Luxembourg Library Fiction Section 05/24/2016 Library Fund 1 13 PZ 7 .C869275 Ak 2000 20146 08/29/2017 04/10/2017 05/24/2016 Books

Akiko on the planet Smoo /

APA

Crilley M., . (2000). Akiko on the planet Smoo. New York: Yearling Book.

Chicago

Crilley Mark, . 2000. Akiko on the planet Smoo. New York: Yearling Book.

Harvard

Crilley M., . (2000). Akiko on the planet Smoo. New York: Yearling Book.

MLA

Crilley Mark, . Akiko on the planet Smoo. New York: Yearling Book. 2000.

  • Place hold
  • Print
  • Cite
  • Add to your cart (remove)
  • Save record
    BIBTEX Dublin Core MARCXML MARC (non-Unicode/MARC-8) MARC (Unicode/UTF-8) MARC (Unicode/UTF-8, Standard) MODS (XML) RIS
  • More searches
    Search for this title in:
    Other Libraries (WorldCat) Other Databases (Google Scholar) Online Stores (Bookfinder.com) Open Library (openlibrary.org)

Exporting to Dublin Core...

SOUTHVILLE LIBRARY

Southville International School and Colleges Library

1281 Tropical Ave. Cor. Luxembourg St., BF Homes International, Las Pinas City

Tel. No. 8256374 / 252358 Loc. 117/146

Powered by Koha